01460nam a2200337 a 4500001001200000003000800012006001900020007001500039008004100054010001700095020003600112020003600148040002100184035002100205043001200226050002500238082002100263100003100284245016900315260005100484300001600535504006600551533015200617650004800769650005300817651006300870655002900933710001700962856012600979999001701105ebr10276635CaPaEBRm u cr cn|||||||||080618s2008 ohu sb s001 0 eng  z 2008027326 z9780821418062 (hc : alk. paper) z9780821418079 (pb : alk. paper) aCaPaEBRcCaPaEBR a(OCoLC)471133672 an-us---14aE185.18b.A45 2008eb04a323.1196/0732221 aAli, Omar H.q(Omar Hamid)10aIn the balance of powerh[electronic resource] :bindependent Black politics and third-party movements in the United States /cOmar H. Ali ; foreword by Eric Foner. aAthens, Ohio :bOhio University Press,cc2008. axii, 244 p. aIncludes bibliographical references (p. [219]-236) and index. aElectronic reproduction.bPalo Alto, Calif. :cebrary,d2013.nAvailable via World Wide Web.nAccess may be limited to ebrary affiliated libraries. 0aAfrican AmericansxPolitics and government. 0aThird parties (United States politics)xHistory. 0aUnited StatesxRace relationsxPolitical aspectsxHistory. 7aElectronic books.2local2 aebrary, Inc.40uhttp://site.ebrary.com/lib/rucke/Doc?id=10276635zAn electronic book accessible through the World Wide Web; click to view c20356d20356